| 000 | 00646nam a2200229 4500 | ||
|---|---|---|---|
| 003 | OSt | ||
| 005 | 20240627061332.0 | ||
| 006 | a | ||
| 008 | 240627b |||||||| |||| 00| 0 eng d | ||
| 020 | _a9789715812115 | ||
| 040 |
_aDWCL-Main lib. _cOC |
||
| 082 | _aCirc. 581.6 K96a 2010 | ||
| 100 | _aKurian, J C | ||
| 245 | _aAmazing healing plants volume 1 / | ||
| 260 |
_aManila : _bPhil. Pub. House, , _cc2010. |
||
| 300 |
_axi, _b203 p. : col. ill. ; _c25 cm. |
||
| 504 | _aIncludes bibliographical references and index. | ||
| 650 | _a1. Medical botany. | ||
| 650 | _a2. Herbs. | ||
| 650 | _a3. Plants. | ||
| 942 |
_2ddc _n0 _cBK-CIRC _kCirc. |
||
| 999 |
_c1498 _d1498 |
||